Wird geladen...

Preliminary studies on the environmental biology of threatened yellow catfish, HORABAGRUS BRACHYSOMA from two river systems in Kerala, S. India

Bibliographische Detailangaben
1. Verfasser: Renu Philip
Format: Dissertation
Veröffentlicht: Department of Zoology, University of Kerala 2006
Schriftenreihe:Dr. G Prasad
Schlagworte:
LEADER 00627nam a2200193 4500
020
082 |a P123 REN-06 
100 |a Renu Philip 
245 |a Preliminary studies on the environmental biology of threatened yellow catfish, HORABAGRUS BRACHYSOMA from two river systems in Kerala, S. India 
250
260 |a Department of Zoology, University of Kerala  |c 2006 
300
490 |a Dr. G Prasad 
500
590
650 |a MPhil Dissertations 
942 |c DISS 
999 |c 93752  |d 93752 
952 |0 0  |1 0  |4 0  |6 P_123_000000000000000_REN06  |7 0  |9 107220  |a ZGY  |b ZGY  |l 0  |o P123 REN-06  |p ZGYP123  |r 2019-09-25  |w 2019-09-25  |y DISS